New secondary education (Record no. 415289)

000 -LEADER
fixed length control field 00352cam a22001097a 4500
008 - FIXED-LENGTH DATA ELEMENTS--GENERAL INFORMATION
fixed length control field 180718b1947 xxu||||| |||| 00| 0 eng d
082 ## - DEWEY DECIMAL CLASSIFICATION NUMBER
Classification number P43x42 Un3
245 ## - TITLE STATEMENT
Title New secondary education
Statement of responsibility, etc. by Ministry of education, United Nation
260 ## - PUBLICATION, DISTRIBUTION, ETC.
Place of publication, distribution, etc. London
Name of publisher, distributor, etc. Her Majesty's Stationery Office
Date of publication, distribution, etc. 1947
300 ## - PHYSICAL DESCRIPTION
Extent 63p
700 ## - ADDED ENTRY--PERSONAL NAME
Personal name United Nation. Ministry of Education
Holdings
Withdrawn status Lost status Damaged status Not for loan Permanent Location Current Location Date acquired Full call number Barcode Date last seen Price effective from Koha item type
        Indian Institute of Public Administration Indian Institute of Public Administration 2009-03-03 P43x42 Un3 15739 2018-07-21 2018-07-21 Book

Powered by Koha